01102 2200325 4500001002100000005001500021035002000036007000300056008004100059020002200100040002200122082001600144084001800160090002200178100003600200245016000236250003500396300006200431650002300493850001200516264003200528336002100560337003000581338002300611999002200634700003300656700003600689504002900725990002200754INLIS00000000087075020240328101132 a0010-0622000340ta220609s2022 yoia g ind d a978-623-02-4209-0 aYOPDYOGbinderda04223a519.282 a519.282 IKE b aCB-D.11 2022-03640 aI Ketut Darmad1961-epengarang10aBuku ajar matematika terapan :bbahan ajar blended learning pendidikan vokasional bidang rekayasa /cI Ketut Darma, I Gede Made Karma, I Made Anom Santiana aCetakan pertama: Februari 2022 axii, 252 halaman :bbagan, grafik, gambar, tabel ;c23 cm 4aMatematika terapan aYOPDYOG31aSleman :bDeepublish,c2022 2rdacontentateks 2rdamediaatanpa perantara 2rdacarrieravolume aCB-D.11/2022-03640 aI Gede Made Karmaepengarang0 aI Made Anom Santianaepengarang aBibliografi: halaman 247 aCB-D.11/2022-0364